000 01620nam a22002657a 4500
003 NALT
005 20251125232806.0
008 s2523 th tha d
040 _aNALT
041 _atha
050 _aDS 584
_bป114พ 2523
100 0 _aทองต่อ กล้วยไม้ ณ อยุธยา
_96376
245 1 0 _aพระบาทสมเด็จพระปกเกล้าเจ้าอยู่หัวกับการปกครองระบบรัฐสภา /
_cโดย ทองต่อ กล้วยไม้ ณ อยุธยา, อธิป จิตต์สำเริง และ วีระพันธ์ มุขสมบัติ.
260 _aกรุงเทพฯ :
_bกองการพิมพ์ สำนักงานเลขาธิการรัฐสภา,
_c2523.
300 _a178 หน้า :
_b ภาพประกอบ
600 0 4 _910802
_aปกเกล้าเจ้าอยู่หัว,
_cพระบาทสมเด็จพระ,
_d2436-2484
651 4 _aไทย
_xการเมืองและการปกครอง
_yกรุงรัตนโกสินทร์,
_yรัชกาลที่ 7, 2468-2477
_910805
700 0 _aอธิป จิตต์สำเริง
_966499
700 _aวีระพันธ์ มุขสมบัติ
_97363
850 _aNALT
856 4 0 _uhttps://hdl.handle.net/20.500.14156/401612
942 _cGB
_2lcc
996 _asaiphon.d
_bCATSTF
_c2025-08-26
999 _c6153
_d6153
998 _j104
_k นางสาวสายฝน ดีงาม